| 000 | 01849cam a22003134a 4500 | ||
|---|---|---|---|
| 003 | BJBSDDR | ||
| 005 | 20231020115624.0 | ||
| 007 | ta | ||
| 008 | 110909s2011 inua 001 0 eng | ||
| 020 | _a9781615640874 | ||
| 040 |
_aDLC _cBJBSDDR _beng |
||
| 041 | _aeng | ||
| 042 | _apcc | ||
| 050 | 1 | 4 |
_aHD 69 _bC187c 2011 |
| 100 | 1 |
_aCampbell, G. Michael, _d1948- _931463 |
|
| 245 | 1 | 4 |
_aThe Complete Idiot's Guide to Project Management / _cby G. Michael Campbell. |
| 246 | 3 | 0 | _aProject management |
| 250 | _a5th Edition | ||
| 260 |
_aIndianapolis, IN : _bAlpha Books, _cc2011. |
||
| 300 |
_axix, 412 pages : _billustrations ; _c24 cm. |
||
| 440 | 0 |
_aComplete idiot's guide _932654 |
|
| 500 | _aIncludes index. | ||
| 520 | _aThe step-by-step guide to becoming a successful project manager. By systematically managing goals and resources, any project, large or small, complicated or straightforward, can be achieved with great profitability. A certified project management professional shares the latest theories, procedures, and software tools available in this fully updated and revised guide including the newest directive from the Project Management Institute. An invaluable guide for any manager, it clearly explains the best way to approach any project, and also gives all the information necessary to those interested in passing the test to become a certified Project Management Professional.? Includes the most current terms and concepts on the certification test, and the latest software tools from Microsoft, Hewlett-Packard, and Primavera.? Advice from an expert with useful, real-life anecdotes from the field | ||
| 650 | 0 | _aProject management. | |
| 650 | 4 |
_aGestión de proyectos _912440 |
|
| 906 |
_a7 _bcbc _corignew _d2 _encip _f20 _gy-gencatlg |
||
| 942 |
_2lcc _cBK |
||
| 999 |
_c119923 _d119923 |
||